• 首页
  • 本馆介绍
  • 公告通知
  • 最新文献
  • 馆藏检索
  • 电子资源
  • 读者导购
  • 参考咨询
  • 我的图书馆
  • 登录
  • 详细信息显示
  • 放入我的书架
  • 预约/预借图书
  • 作者相关作品
  • 分类相关作品
  • 丛书相关作品
  • 出版社相关作品

书目信息

  • 表格格式
  • 工作单格式
  • 卡片格式
题名:
算法基础与在线实践
    
 
作者: 刘家瑛 , 郭炜 , 李文新 编著
分册:  
出版信息: 北京   高等教育出版社  2017.03
页数: 239页
开本: 24cm
丛书名:
单 册:
中图分类: TP301.6
科图分类:
主题词: 电子计算机--dian zi ji suan ji--算法理论--高等学校--教材
电子资源:
ISBN: 978-7-04-047300-1
000 01163nam0 2200277 450
001 0106081742
005 20201106082042.0
010    @a978-7-04-047300-1@dCNY30.40
100    @a20181129e20192017em y0chiy50 ea
101 0  @achi
102    @aCN@b110000
105    @ay z 000yy
106    @ar
200 1  @a算法基础与在线实践@Asuan fa ji chu yu zai xian shi jian@dFundamentals of programming and algorithms@f刘家瑛, 郭炜, 李文新编著@zeng
210    @a北京@c高等教育出版社@d2017.03@h2019.12
215    @a239页@d24cm
300    @a北京大学“程序设计与算法”专项课程系列教材
330    @a本书将介绍简单模拟、枚举、递归、二分、贪心、动态规划和搜索等经典算法,带领读者体会它们巧妙的构思,感受利用它们解决问题的独特魅力。本书不仅讲解这些算法的基本原理思想,还通过具体例题对这些算法进行灵活、有效的展开和准确实现。
510 1  @aFundamentals of programming and algorithms@zeng
606 0  @a电子计算机@Adian zi ji suan ji@x算法理论@x高等学校@j教材
690    @aTP301.6@v5
701  0 @a刘家瑛@Aliu jia ying@4编著
701  0 @a郭炜@Aguo wei@4编著
701  0 @a李文新@Ali wen xin@4编著
801  0 @aCN@bBJSZM@c20201106
905    @b1190588-91@dTP301.6@e1066@f4
    
    算法基础与在线实践=Fundamentals of programming and algorithms/刘家瑛, 郭炜, 李文新编著.-北京:高等教育出版社,2017.03(2019.12)
    239页;24cm
    北京大学“程序设计与算法”专项课程系列教材
    
    ISBN 978-7-04-047300-1:CNY30.40
    本书将介绍简单模拟、枚举、递归、二分、贪心、动态规划和搜索等经典算法,带领读者体会它们巧妙的构思,感受利用它们解决问题的独特魅力。本书不仅讲解这些算法的基本原理思想,还通过具体例题对这些算法进行灵活、有效的展开和准确实现。
●
相关链接 在E读中查询图书 在五车中查询图书 在当当中查询图书 在豆瓣中查询图书


正题名:算法基础与在线实践     索取号:TP301.6/1066         预约/预借

序号 登录号 条形码 馆藏地/架位号 状态 备注
1 1190588   211905884   第二样本阅览室/ [索取号:TP301.6/1066] 在馆    
2 1190589   211905893   第三借阅区/ [索取号:TP301.6/1066] 在馆    
3 1190590   211905900   第三借阅区/ [索取号:TP301.6/1066] 在馆    
4 1190591   211905919   第三借阅区/ [索取号:TP301.6/1066] 在馆    
唐山师范学院图书馆 欢迎您!
大连网信软件有限公司© 版权所有